[Event "AUTO-ADV-4315"]
[Site "http://www.queenalice.com/game.php?id=1604315"]
[Date "2020.3.26"]
[Round "1"]
[White "attib"]
[Black "florencia1260"]
[Result "1/2-1/2"]
[WhiteElo "1712"]
[BlackElo "1817"]

1. e4 e5 2. Nf3 Nc6 3. d4 exd4 4. Nxd4 Nf6 5. Nc3 Bb4 6. Nxc6 bxc6 7. Bg5 Bxc3+
8. bxc3 d6 9. Qf3 O-O 10. Bc4 h6 11. Bh4 g5 12. Bg3 Re8 13. Bd3 d5 14. e5 Nh7
15. Bxh7+ Kxh7 16. O-O Be6 17. h3 Rf8 18. Qd3+ Kg7 19. Rfe1 c5 20. Qb5 c4 21. f3
Qd7 22. Qxd7 Bxd7 23. a4 Be6 24. Rab1 c6 25. Rb7 Rfc8 26. f4 Kg6 27. a5 a6 28.
Reb1 Kf5 29. fxg5 hxg5 30. Re7 Ke4 31. Re1+ Kf5 32. Rf1+ Kg6 33. Rf6+ Kh5 34.
Rf1 Kg6 35. Rf6+ Kh5 36. Rf1 Kg6 1/2-1/2

[Event "AUTO-ADV-4315"]
[Site "http://www.queenalice.com/game.php?id=1604316"]
[Date "2020.3.26"]
[Round "1"]
[White "florencia1260"]
[Black "attib"]
[Result "0-1"]
[WhiteElo "1803"]
[BlackElo "1700"]

1. d4 d5 2. c4 dxc4 3. e3 e6 4. Bxc4 Nf6 5. Nf3 Bb4+ 6. Bd2 Nc6 7. Bxb4 Nxb4 8.
a3 Nbd5 9. Bxd5 Qxd5 10. Nc3 Qa5 11. O-O h6 12. b4 Qb6 13. Qb3 Bd7 14. Na4 Bxa4
15. Qb2 O-O 16. Rac1 a5 17. Rc3 Ne4 18. Rcc1 Bb5 19. Rfd1 Bc6 20. Nd2 f5 21.
Nxe4 Bxe4 22. Rc3 c6 23. f3 Bd5 24. Rb1 axb4 25. Qxb4 Qxb4 26. Rxb4 Rab8 27. f4
Rf6 28. g3 Rg6 29. Kf2 h5 30. h4 Kf7 31. Rc5 b5 32. Rc1 Ra8 33. Ra1 Rh6 34. a4
g6 35. a5 Rc8 36. Rbb1 Be4 37. Rb3 Bd5 38. Rb2 Bc4 39. a6 Ra8 40. a7 Rhh8 41.
Ra6 Rhc8 42. Rb1 Rc7 43. Rba1 c5 44. dxc5 Rxc5 45. Rb6 Rcc8 46. Rb7+ Kf6 47. Ra6
Rd8 48. Rab6 Rd2+ 49. Ke1 Re2+ 50. Kd1 Rxe3 51. Rd6 Rxg3 52. Rdd7 Rd3+ 53. Rxd3
Bxd3 0-1

[Event "AUTO-ADV-4315"]
[Site "http://www.queenalice.com/game.php?id=1604333"]
[Date "2020.3.26"]
[Round "1"]
[White "florencia1260"]
[Black "forever"]
[Result "0-1"]
[WhiteElo "1816"]
[BlackElo "1885"]

1. d4 d5 2. c4 Nf6 3. cxd5 Nxd5 4. e4 Nf6 5. Nc3 c6 6. Nf3 e6 7. a3 c5 8. Bf4
Nc6 9. Bb5 Bd7 10. e5 Nd5 11. Nxd5 exd5 12. O-O a6 13. Bxc6 bxc6 14. Qc2 cxd4
15. Nxd4 c5 16. Nf3 Qb6 17. h3 Be7 18. b3 O-O 19. Rab1 Bc6 20. Bg5 f6 21. exf6
Bxf6 22. Bxf6 Rxf6 23. Ng5 Rg6 24. Nf3 d4 25. Ne5 Rxg2+ 0-1

[Event "AUTO-ADV-4315"]
[Site "http://www.queenalice.com/game.php?id=1604334"]
[Date "2020.3.26"]
[Round "1"]
[White "forever"]
[Black "florencia1260"]
[Result "0-1"]
[WhiteElo "1870"]
[BlackElo "1783"]

1. Nf3 d5 2. d4 Nf6 3. Bg5 Ne4 4. Bf4 c5 5. e3 Qb6 6. b3 Nc6 7. c3 cxd4 8. exd4
Bg4 9. Be2 Bxf3 10. Bxf3 e6 11. O-O Be7 12. Qd3 Nd6 13. Nd2 f5 14. Bh5+ g6 15.
Bf3 Kd7 16. Be5 Rhg8 17. c4 dxc4 18. bxc4 Nf7 19. d5 Ncxe5 20. dxe6+ Kxe6 21.
Qd5+ Kf6 22. Rab1 Qd6 23. Qxd6+ Nxd6 24. c5 Ndc4 25. Nb3 Rab8 26. Rfc1 Nxf3+ 27.
gxf3 Ne5 28. Rc3 Rgc8 29. f4 Nd7 30. Rd1 Nxc5 31. Nd4 Ne6 32. Re3 Nxd4 33. Rxd4
b6 34. Rd7 Re8 0-1

[Event "AUTO-ADV-4315"]
[Site "http://www.queenalice.com/game.php?id=1604335"]
[Date "2020.3.26"]
[Round "1"]
[White "florencia1260"]
[Black "parapunzi"]
[Result "0-1"]
[WhiteElo "1822"]
[BlackElo "2101"]

1. e4 c5 2. Nf3 e6 3. d4 cxd4 4. Nxd4 a6 5. Bd3 Qc7 6. O-O Nf6 7. Re1 d6 8. Nc3
Be7 9. a3 O-O 10. b4 Qxc3 11. Be3 Bd7 12. Qd2 Qxd2 13. Bxd2 Nc6 14. Nxc6 Bxc6
15. f3 Rac8 16. c4 Ba4 17. g4 Nd7 18. Kf2 Ne5 19. Ke3 Nxc4+ 20. Bxc4 Rxc4 21.
Rac1 Rfc8 22. Rxc4 Rxc4 23. Rc1 d5 24. Rxc4 dxc4 25. Kd4 Bb5 26. Bc3 Kf8 27. h3
Ke8 28. Be1 Kd7 29. Bc3 Bf6+ 30. e5 Bg5 31. Be1 Bc1 32. h4 Bxa3 33. h5 Bb2+ 34.
Bc3 Bxc3+ 35. Kxc3 Kc6 0-1

[Event "AUTO-ADV-4315"]
[Site "http://www.queenalice.com/game.php?id=1604336"]
[Date "2020.3.26"]
[Round "1"]
[White "parapunzi"]
[Black "florencia1260"]
[Result "1-0"]
[WhiteElo "2073"]
[BlackElo "1825"]

1. d4 d5 2. c4 e6 3. Nc3 Be7 4. Nf3 Nf6 5. Bf4 O-O 6. e3 Nbd7 7. Be2 dxc4 8.
Bxc4 a6 9. a4 c5 10. dxc5 Nxc5 11. O-O Nfe4 12. Nxe4 Nxe4 13. Qc2 Nf6 14. Rfd1
Qa5 15. Bd3 Nd5 16. Bxh7+ Kh8 17. Ne5 Bf6 18. Nc4 Qd8 19. Be4 Qe7 20. Bd6 Qe8
21. Bxd5 exd5 22. Rxd5 Be7 23. Rh5+ Kg8 24. Qh7# 1-0

[Event "AUTO-ADV-4323"]
[Site "http://www.queenalice.com/game.php?id=1606673"]
[Date "2020.4.9"]
[Round "1"]
[White "florencia1260"]
[Black "Zanocovsky"]
[Result "1-0"]
[WhiteElo "1769"]
[BlackElo "1520"]

1. d4 Nf6 2. c4 e6 3. Nf3 d5 4. Nc3 Bb4 5. Bg5 Nc6 6. e3 O-O 7. Qc2 Bxc3+ 8.
Qxc3 Re8 9. cxd5 exd5 10. Bb5 Bd7 11. Nd2 h6 12. Bxf6 Qxf6 13. O-O-O a6 14. Bxc6
Bxc6 15. Rde1 b5 16. f4 Re7 17. Nf3 1-0

[Event "AUTO-ADV-4323"]
[Site "http://www.queenalice.com/game.php?id=1606674"]
[Date "2020.4.9"]
[Round "1"]
[White "Zanocovsky"]
[Black "florencia1260"]
[Result "0-1"]
[WhiteElo "1646"]
[BlackElo "1752"]

1. d4 Nf6 2. c4 e6 3. Nf3 b6 4. a3 Be7 5. Nc3 d5 6. e3 O-O 7. Bd3 dxc4 8. Bxc4
Bb7 9. Bd3 h6 10. O-O Nbd7 11. b4 c5 12. dxc5 bxc5 13. Rb1 Bxf3 14. Qxf3 Ne5 0-1

[Event "AUTO-ADV-4323"]
[Site "http://www.queenalice.com/game.php?id=1606675"]
[Date "2020.4.9"]
[Round "1"]
[White "florencia1260"]
[Black "akleetch"]
[Result "0-1"]
[WhiteElo "1793"]
[BlackElo "1785"]

1. d4 d5 2. c4 c6 3. Nf3 Bg4 4. Qb3 b6 5. Nc3 e6 6. Ne5 Bh5 7. cxd5 cxd5 8. Qb5+
Nd7 9. Nxd7 Qxd7 10. Qxd7+ Kxd7 11. g3 Bb4 12. Bg2 Rc8 13. Bd2 Nf6 14. O-O Bxc3
15. bxc3 Bxe2 16. Rfe1 Bc4 17. a3 Rhg8 18. f4 h6 19. Bh3 Ne4 20. Be3 Nxc3 21.
Kf2 Ne4+ 22. Kg1 g5 23. Bg2 Nd6 24. a4 Nf5 25. fxg5 hxg5 26. g4 Nh4 27. Bf2 Ng6
28. h3 Nf4 29. Kh2 Bd3 30. Bg3 Ne2 31. Bf1 Rc2 32. Bg2 Nxd4 33. Kg1 Ne2+ 34. Kh2
Nd4 35. Red1 Nf3+ 36. Kh1 Be2 37. Rdc1 Rd2 38. Bxf3 Bxf3+ 39. Kg1 Rg2+ 0-1

[Event "AUTO-ADV-4323"]
[Site "http://www.queenalice.com/game.php?id=1606676"]
[Date "2020.4.9"]
[Round "1"]
[White "akleetch"]
[Black "florencia1260"]
[Result "1-0"]
[WhiteElo "1793"]
[BlackElo "1782"]

1. e4 c5 2. Bc4 e6 3. Nc3 a6 4. a3 Nc6 5. Nf3 Nf6 6. d3 b5 7. Ba2 Qc7 8. Bg5 h6
9. Bh4 Be7 10. Bg3 d6 11. Qe2 O-O 12. O-O e5 13. h3 Rd8 14. Nh4 Nd4 15. Qd2 Nh7
16. Nd5 Qb7 17. c3 Ne6 18. Nf5 Bf6 19. f4 exf4 20. Bxf4 Nxf4 21. Qxf4 Bxf5 22.
Qxf5 Qd7 23. Nxf6+ Nxf6 24. Qf3 Rf8 25. Rf2 Rae8 26. Re1 d5 27. e5 Nh7 28. Bxd5
Kh8 29. Be4 Qc7 30. d4 cxd4 31. cxd4 f6 32. Qf5 g6 33. Qxg6 fxe5 34. Rxf8+ Rxf8
35. dxe5 Qf7 36. Qxf7 Rxf7 37. e6 Re7 38. Bg6 Ng5 39. Bf5 Kg7 40. h4 Nf7 41. g4
Kf6 42. Kg2 Nd8 43. Kf3 Nxe6 44. Bxe6 Rxe6 45. Rxe6+ Kxe6 46. Kf4 Kf6 47. g5+
hxg5+ 48. hxg5+ Kg6 49. b4 Kf7 50. Kf5 Kg7 51. g6 Kf8 52. Kf6 1-0

[Event "AUTO-INT-3467"]
[Site "http://www.queenalice.com/game.php?id=1607741"]
[Date "2020.4.15"]
[Round "2"]
[White "sofia"]
[Black "florencia1260"]
[Result "1-0"]
[WhiteElo "1710"]
[BlackElo "1764"]

1. e4 e6 2. a3 d5 3. e5 c5 4. d4 cxd4 5. Qxd4 Nc6 6. Qa4 Bd7 7. Nf3 Nxe5 8. Qf4
Ng6 9. Qe3 Nf6 10. h3 Be7 11. Bd3 O-O 12. O-O b6 13. Bxg6 fxg6 14. Nc3 Bc5 15.
Qe2 Re8 16. Bg5 Be7 17. b4 h6 18. Bxf6 gxf6 19. b5 Kg7 20. Nd4 Bc5 21. Nf3 d4
22. Ne4 e5 23. a4 f5 24. Nxc5 bxc5 25. Qc4 Qc7 26. Rae1 e4 27. Nxd4 Rac8 28. Ne2
Be6 29. Qc3+ Kh7 30. g3 Qb6 31. Kh2 h5 32. Nf4 Kh6 33. h4 Rg8 34. Qe3 Kh7 35. f3
Rge8 36. fxe4 fxe4 37. Rg1 Bg4 38. c4 Qb7 39. Nd5 Qg7 40. Ref1 Bf3 41. a5 a6 42.
b6 Qd4 43. Qxd4 cxd4 44. Nf6+ Kg7 45. Nxe8+ Rxe8 46. c5 Kf7 47. Rb1 e3 48. Rgf1
e2 49. Rxf3+ Kg7 50. Re1 1-0

[Event "AUTO-INT-3467"]
[Site "http://www.queenalice.com/game.php?id=1607742"]
[Date "2020.4.15"]
[Round "2"]
[White "florencia1260"]
[Black "sofia"]
[Result "0-1"]
[WhiteElo "1775"]
[BlackElo "1691"]

1. e4 e5 2. Nf3 f6 3. Nxe5 Qe7 4. Nf3 d6 5. Nc3 a6 6. d4 c6 7. Be2 Be6 8. d5
cxd5 9. exd5 Bg4 10. O-O h6 11. Re1 Kd8 12. Bxa6 Bxf3 13. Rxe7 Bxd1 14. Re1 Nxa6
15. Rxd1 g5 16. a3 Nc7 17. g4 Ne7 18. b4 b5 19. h3 Bg7 20. Bb2 h5 21. f3 f5 22.
Rf1 Nexd5 23. Nd1 Bxb2 24. Nxb2 hxg4 25. hxg4 f4 26. c4 Ne3 27. Rfc1 Rh3 28. Kf2
Rh2+ 29. Kg1 Rxb2 30. c5 Nc2 31. Rab1 Rxb1 32. Rxb1 Rxa3 33. cxd6 Nd5 34. Rc1
Ndxb4 0-1

[Event "AUTO-INT-3467"]
[Site "http://www.queenalice.com/game.php?id=1607745"]
[Date "2020.4.15"]
[Round "2"]
[White "florencia1260"]
[Black "dazzeechain"]
[Result "0-1"]
[WhiteElo "1764"]
[BlackElo "2004"]

1. e4 c5 2. Nf3 Nc6 3. Bb5 Qb6 4. Nc3 Nf6 5. e5 Ng4 6. Bxc6 Qxc6 7. d4 d5 8. O-O
cxd4 9. Nxd4 Qd7 10. h3 Nxe5 11. Bf4 Ng6 12. Bh2 e5 13. Re1 Be7 14. Nb3 f6 15.
Qxd5 Qxd5 16. Nxd5 Bd7 17. Nc7+ Kf7 18. Nxa8 Rxa8 19. g4 b6 20. Rad1 Bb5 21. a3
Nh4 22. Re3 Rc8 23. Bg3 Ng6 24. c3 Ba4 25. c4 Rxc4 26. Rd2 Bc6 27. Rc3 Rxc3 28.
bxc3 Bxa3 29. Ra2 Be7 30. Rxa7 Ke6 31. Kf1 Bd5 32. Nd2 b5 33. h4 h6 34. h5 Nf8
35. f3 Nd7 36. Ke2 Bc5 37. Ra1 f5 38. gxf5+ Kxf5 39. Bf2 Bxf2 40. Kxf2 Nf6 41.
Rh1 Bf7 42. Rb1 Be8 43. Nb3 Nxh5 44. Nc5 Nf4 45. Rg1 Nh3+ 46. Kg2 Nf4+ 47. Kf1
g5 48. Ne4 Bc6 49. Nd2 Nd5 50. c4 bxc4 51. Ke2 c3 52. Nb3 Bb5+ 53. Kd1 Ba4 54.
Kc2 Ne3+ 55. Kxc3 Bxb3 56. Kxb3 h5 57. Kc3 h4 58. Kd3 Nd5 59. Ke2 Nf4+ 60. Kf1
h3 61. Rh1 g4 62. fxg4+ Kxg4 63. Kf2 Ng2 64. Rh2 e4 65. Rxg2+ hxg2 66. Kxg2 e3
67. Kf1 Kf3 68. Ke1 e2 0-1

[Event "AUTO-INT-3467"]
[Site "http://www.queenalice.com/game.php?id=1607746"]
[Date "2020.4.15"]
[Round "2"]
[White "dazzeechain"]
[Black "florencia1260"]
[Result "0-1"]
[WhiteElo "2006"]
[BlackElo "1756"]

1. e4 e5 2. Nf3 Nc6 3. Bb5 a6 4. Ba4 g6 5. Bxc6 dxc6 6. d3 Bg7 7. O-O c5 8. Nc3
Ne7 9. Be3 b6 10. Qd2 O-O 11. Rad1 Bg4 12. Ne2 Bxf3 13. gxf3 Nc6 14. Ng3 Nd4 15.
Bxd4 cxd4 16. Kh1 c5 17. f4 Bh6 18. f3 Bxf4 19. Qf2 Qg5 20. Qg2 Bxg3 21. Qxg3
Qxg3 22. hxg3 f5 23. Kg2 fxe4 24. fxe4 Rxf1 25. Rxf1 Rf8 26. Rxf8+ Kxf8 27. g4
Kf7 28. g5 Kg7 29. Kg3 h5 30. Kh4 Kf7 31. Kg3 Ke6 32. Kh4 Kd6 33. Kg3 b5 34. Kf3
c4 35. Kf2 Kc5 36. Ke2 a5 37. a3 b4 38. axb4+ Kxb4 39. dxc4 Kxc4 40. Kd2 a4 41.
Ke2 Kb4 42. Kf3 a3 43. bxa3+ Kxa3 44. Ke2 Kb4 45. Kd3 h4 46. Ke2 Kc3 0-1

[Event "Challenge"]
[Site "http://www.queenalice.com/game.php?id=1608215"]
[Date "2020.4.18"]
[Round "-"]
[White "florencia1260"]
[Black "bonfim"]
[Result "1-0"]
[WhiteElo "1731"]
[BlackElo "1692"]

1. d4 d5 2. c4 dxc4 3. e4 b5 4. a4 Ba6 5. axb5 Bxb5 6. Na3 a6 7. Nxb5 e5 8. Bxc4
Bb4+ 9. Nc3 exd4 10. Qb3 Bxc3+ 11. bxc3 Qe7 12. Qb7 Nf6 13. f3 O-O 14. Qxa8 dxc3
15. Ne2 c6 16. Ba3 c5 17. e5 Nfd7 18. Qb7 Qh4+ 19. g3 Qxc4 20. Qe4 Qb3 21. O-O
c2 22. Rfc1 Re8 23. Qxc2 Qxc2 24. Rxc2 Rxe5 25. Kf2 Nc6 26. Rac1 Nd4 27. Nxd4 h6
28. Bxc5 Re8 29. Ba3 Nb6 30. Bb4 Nd5 31. Ba5 Re7 32. Rc6 Re3 33. Rxa6 Rd3 34.
Nc6 Rb3 35. Ra7 Rb2+ 36. Kg1 f5 37. Ne7+ Nxe7 38. Rxe7 Rb3 39. f4 Ra3 40. Bb6
Ra8 41. Rcc7 g5 42. Rh7 Rc8 43. Rcg7+ Kf8 44. Rc7 Rxc7 45. Bxc7 Kg8 46. Rxh6 g4
47. Rf6 Kg7 48. Rxf5 Kg6 49. Rg5+ Kf6 50. Kg2 Ke7 51. Rxg4 Kd7 52. h4 Kxc7 53.
h5 Kd6 54. h6 Kd5 55. h7 Ke4 56. h8=Q Ke3 57. Qe5+ Kd3 58. Rg6 Kc4 59. Qe7 Kc3
60. Rd6 Kc4 61. Qc7+ Kb5 62. Rb6+ Ka5 63. Qa7# 1-0

[Event "AUTO-INT-3477"]
[Site "http://www.queenalice.com/game.php?id=1608980"]
[Date "2020.4.23"]
[Round "3"]
[White "florencia1260"]
[Black "ajr"]
[Result "1-0"]
[WhiteElo "1775"]
[BlackElo "1612"]

1. e4 c5 2. Nf3 e6 3. d4 h6 4. d5 Qe7 5. Nc3 e5 6. d6 Qxd6 7. Nb5 Qxd1+ 8. Kxd1
Kd8 9. Nxe5 Rh7 10. Nxf7+ Ke8 11. Bc4 d6 12. Nc7+ Kd7 13. Nxa8 g5 14. f4 Ke7 15.
fxg5 Rxf7 16. Bxf7 Kxf7 17. Nc7 b6 18. Nd5 Bb7 19. Rf1+ Kg7 20. gxh6+ 1-0

[Event "AUTO-INT-3477"]
[Site "http://www.queenalice.com/game.php?id=1608981"]
[Date "2020.4.23"]
[Round "3"]
[White "ajr"]
[Black "florencia1260"]
[Result "0-1"]
[WhiteElo "1647"]
[BlackElo "1758"]

1. e4 e5 2. Nf3 Nc6 3. d4 exd4 4. Nxd4 Nf6 5. f3 Bc5 6. Nxc6 bxc6 7. g4 d5 8. e5
Nd7 9. f4 Qh4+ 10. Kd2 Qf2+ 11. Be2 Qxf4+ 0-1

[Event "Challenge"]
[Site "http://www.queenalice.com/game.php?id=1610401"]
[Date "2020.5.2"]
[Round "-"]
[White "MADMIKE"]
[Black "florencia1260"]
[Result "1-0"]
[WhiteElo "1762"]
[BlackElo "1746"]

1. d4 d5 2. Nc3 Nf6 3. Bf4 e6 4. a3 Bd6 5. Bg5 Nbd7 6. e4 dxe4 7. Nxe4 O-O 8. c4
h6 9. Bh4 Be7 10. Bxf6 Bxf6 11. Nf3 b6 12. Be2 Bb7 13. Bd3 Bxe4 14. Bxe4 Rb8 15.
O-O c5 16. Rb1 Re8 17. d5 exd5 18. Bxd5 Ne5 19. Nxe5 Rxe5 20. f4 Re7 21. h3 Bd4+
22. Kh1 Kf8 23. Qd3 f6 24. Qh7 Ke8 25. Bc6+ Kf7 26. Bd5+ Ke8 27. Rfe1 Kd7 28.
Qf5+ Kc7 29. Qg4 Qd6 30. b4 Rbe8 31. Rxe7+ Rxe7 32. bxc5 Qxc5 33. a4 Bc3 34. Qf3
Re3 35. Qg4 Re1+ 36. Rxe1 Bxe1 37. Qxg7+ Kd6 38. Qxf6+ Kc7 39. Qe5+ Qd6 40. Qxe1
1-0

[Event "Challenge"]
[Site "http://www.queenalice.com/game.php?id=1610402"]
[Date "2020.5.2"]
[Round "-"]
[White "florencia1260"]
[Black "MADMIKE"]
[Result "0-1"]
[WhiteElo "1745"]
[BlackElo "1777"]

1. e4 e5 2. Nf3 d6 3. d4 exd4 4. Nxd4 a6 5. Nc3 Be7 6. Be2 Nf6 7. Qd3 O-O 8. O-O
Nc6 9. Nxc6 bxc6 10. a3 a5 11. Be3 d5 12. Bd4 dxe4 13. Nxe4 Nd5 14. c4 Nf4 15.
Qd2 Nxe2+ 16. Qxe2 Qxd4 17. Rfd1 Qe5 18. Rac1 f5 19. Nc3 Qf6 20. f4 Bd6 21. g3
Be6 22. a4 Bf7 23. Qd3 Rad8 24. Kf1 Bb4 25. Qc2 Bxc4+ 26. Kg2 c5 27. Rxd8 Qxd8
28. Rd1 Qa8+ 29. Kf2 Bxc3 30. Qxc3 Bf7 31. Qxc5 Bh5 32. Rd3 Bg4 33. Qxc7 Qh1 34.
Qc4+ Kh8 35. Qd5 Qxh2+ 36. Qg2 Qh6 37. Ke3 Qe6+ 38. Kd2 h6 39. Rd6 Qxd6+ 0-1

[Event "Challenge"]
[Site "http://www.queenalice.com/game.php?id=1612017"]
[Date "2020.5.12"]
[Round "-"]
[White "bonfim"]
[Black "florencia1260"]
[Result "1-0"]
[WhiteElo "1678"]
[BlackElo "1789"]

1. e4 c5 2. c4 Nf6 3. Nc3 e6 4. e5 Ng8 5. Nf3 Nc6 6. a3 d6 7. exd6 Bxd6 8. d4
cxd4 9. Nxd4 Nf6 10. h3 O-O 11. g3 Bc5 12. Nxc6 bxc6 13. Bg2 Bb7 14. O-O Rb8 15.
Qxd8 Rfxd8 16. Bg5 Rd7 17. Bxf6 gxf6 18. Rad1 Rbd8 19. Rxd7 Rxd7 20. Na4 Be7 21.
c5 f5 22. b4 f6 23. f4 Kf7 24. Kh2 Kg6 25. h4 h5 26. Re1 Kf7 27. Bf3 Rd3 28.
Bxh5+ Kf8 29. Ra1 e5 30. Be2 Re3 31. Bh5 e4 32. Bg6 Bc8 33. Nb2 Re2+ 34. Kh3
Rxb2 35. Bh5 Rd2 36. a4 a6 37. a5 Be6 38. Re1 Rb2 39. Re3 Rxb4 40. Be2 Bxc5 41.
Rc3 Be7 42. Rxc6 e3 43. Rxe6 Ra4 44. Rxe3 Rxa5 45. Re6 Kf7 46. Rc6 Ra2 47. Bc4+
Kf8 48. Bxa2 1-0